| 000 | 00891cam a22002292 4500 | ||
|---|---|---|---|
| 001 | 0000025220 | ||
| 005 | 20151021151153.0 | ||
| 008 | 150324s xx 000 0 eng d | ||
| 020 | _a996677789x: | ||
| 040 |
_aKABU _cKABU |
||
| 100 | 1 |
_aNyaosi, Esther Nyabiage. _@0000185696 |
|
| 245 | 1 | 4 |
_aThe effect of infrastructure on foreign direct investment in Kenya : _bdiscussion paper no. 127 / _cby Esther nyabiage Nyaosi. |
| 260 |
_aNairobi : _bKIPPRA, _c2013. |
||
| 300 | _aviii, 48 p. | ||
| 610 | 2 | 0 |
_aKenya. _bKenya Institute for public policy research and analysis. _@0000185687 |
| 650 | 0 |
_aInvestments, Foreign _zKenya. _@0000160743 |
|
| 650 | 0 |
_aInvestments, foreign. _xLaw and legislation _zKenya. _@0000185697 |
|
| 650 | 0 |
_aInternational economic relations. _@0000144571 |
|
| 908 | _a150324 | ||
| 950 | _@1 | ||
| 999 |
_c1470 _d1470 |
||